| 000 | 00766nam a2200205Ia 4500 | ||
|---|---|---|---|
| 005 | 20241216011349.0 | ||
| 008 | 190429s9999||||xx |||||||||||||| ||und|| | ||
| 082 |
_a612.65 _bY31 |
||
| 100 | _aYARINGAÑO GARCIA MAIRA CORAL Y CONDOR CARHUACHIN YULI | ||
| 245 | 0 | _aEFECTIVIDAD DE LA ESTIMULACION TEMPRANA EN EL DESARROLLO PSICOMOTOR DE LOS NIÑOS DE 3 - 5 AÑOS EN EL JARDIN DE NIÑOS NIÑO JESUS DE PRAGA DE JAUJA SETIEMBRE - DICIEMBRE DEL 2007 | |
| 250 | _a0 | ||
| 260 |
_aCERRO DE PASCO-PERU _bUNDAC _c2009 |
||
| 300 |
_a57 pag. _c30 cm. |
||
| 341 | _h0 | ||
| 490 |
_v0 _a0 |
||
| 505 | _aMATERIAL/METODO/RESULTADOS/DISCUSION/CONCLUSIONES/RECOMENDACIONES | ||
| 541 |
_aD _bYARINGAÑO GARCIA MAIRA _d13-Jul-10 _oSoles |
||
| 650 | _aEnfermería | ||
| 942 | _cTESIS | ||
| 999 |
_c39826 _d39826 |
||